| 000 | 00708nam a2200241Ia 4500 | ||
|---|---|---|---|
| 001 | dia_3870 | ||
| 003 | CHAP | ||
| 005 | 20251029153702.0 | ||
| 008 | 220117sS.A. xx 000 0 und d | ||
| 010 | _a174477 | ||
| 040 |
_cCHAP _amxchpua |
||
| 090 | _aFOLLETO 2606 | ||
| 100 | 1 |
_aCamacho Vera, Joaquín _9155510 |
|
| 245 |
_aManual de manejo postcosecha de aguacate / _c Joaquín Camacho Vera |
||
| 260 |
_aChapingo, México : _b UACh. Departamento de Ingeniería Agroindustrial, _cS.A. |
||
| 300 | _a35 h. | ||
| 500 | _aS/c | ||
| 650 |
_aAguacate _92490 |
||
| 901 | _aFOLLETO 2606 | ||
| 902 | _aM | ||
| 905 | _a000000S.A. mx A 0000000000spa00 | ||
| 942 |
_cFOLL _2local |
||
| 999 |
_c174477 _d174477 |
||